[Event "It (open)"]
[Site "masterchessopen.com Goch (Germany)"]
[Date "2011.10.02"]
[Round "6"]
[White "Stuemer Paul (GER)"]
[Black "Hintze Helge (GER)"]
[Result "0-1"]
[WhiteElo "2130"]
[BlackElo "2346"]

1.d4 Nf6 2.Nf3 g6 3.g3 Bg7 4.Bg2 d5 5.O-O O-O 6.c4 c6 7.Nbd2 Bf5 8.b3 a5 9.a3
Ne4 10.Bb2 Qb6 11.Ne5 Nxd2 12.Qxd2 Qxb3 13.Rfc1 dxc4 14.Nxc4 Be6 15.d5 Bxb2
16.Rab1 Bxc1 17.Qxc1 Qxb1 18.Qxb1 cxd5 19.Nb6 Nd7 20.Nxd5 Bxd5 21.Bxd5 Rab8
22.Qb5 Nf6 23.Bxb7 Ne4 24.Qc6 Nc5 25.Qxc5 Rxb7 26.Qxa5 Rc8 27.Kg2 Rcc7 28.h4
Ra7 29.Qb4 Rcb7 30.Qc5 Kg7 31.Qe5+ f6 32.Qc5 Ra6 33.h5 Rba7 34.Qc8 gxh5 35.Qe8
Ra5 36.a4 Re5 37.e3 Rea5 38.Kh3 Rg5 39.e4 Re5 40.f3 Rea5 41.Kh4 Rxa4 42.Kxh5
R4a5+ 43.Kh4 Re5 44.Kh3 Ra3 45.Qc8 Rh5+ 46.Kg2 Ra2+ 47.Kg1 Rb5 {#R} 0-1

[Event "It (open) (amateurs)"]
[Site "masterchessopen.com Calvia (Spain)"]
[Date "2011.10.10"]
[Round "3"]
[White "Navarro Ortiz De Ortuno B (ESP)"]
[Black "Gaya Yodra Juan (ESP)"]
[Result "1-0"]
[WhiteElo "2275"]
[BlackElo "2160"]

1.d4 Nf6 2.c4 g6 3.Nf3 Bg7 4.g3 c6 5.Bg2 O-O 6.O-O d5 7.Nbd2 Ne4 8.e3 Nxd2
9.Nxd2 dxc4 10.Nxc4 Be6 11.Qe2 Nd7 12.Rd1 Nb6 13.Na5 Qd7 14.Nb3 Bxb3 15.axb3
e5 16.dxe5 Qe6 17.f4 Qxb3 18.Ra3 Qb4 19.Rad3 Rfe8 20.b3 Bf8 21.Qa2 a5 22.Rd4
Qc5 23.h4 Qe7 24.Bf3 Qe6 25.Qc2 Bb4 26.Bd2 Be7 27.Be1 f6 28.Re4 fxe5 29.Rxe5
Qf7 30.Bxa5 Rxa5 31.Rxa5 Bb4 32.Ra7 Rxe3 33.Kg2 Qe7 34.Rd3 Re1 35.Rd1 Re3
36.Rc1 Qd7 37.Qf2 Qe7 38.Rxb7 Rxf3 39.Rb8+ Kg7 40.Qxf3 Nd5 41.Rxc6 Ne3+ 42.Kh1
Qd7 43.Rb7 {#r} 1-0

[Event "Cup Spice (cat.10)"]
[Site "masterchessopen.com Lubbock (USA)"]
[Date "2011.10.16"]
[Round "2"]
[White "Amanov Mesgen (TKM)"]
[Black "Bykhovsky Anatoly (ISR)"]
[Result "0-1"]
[WhiteElo "2541"]
[BlackElo "2521"]

1.d4 Nf6 2.c4 g6 3.g3 c6 4.Bg2 d5 5.Nf3 Bg7 6.O-O O-O 7.Nbd2 a5 8.cxd5 cxd5
9.Ne5 Qb6 10.e3 Nc6 11.f4 Bf5 12.Nb3 Rfc8 13.Nc5 Qa7 14.Bd2 b6 15.Ncd3 Be4
16.Bh3 e6 17.Nf2 Nxe5 18.fxe5 Bc2 19.Qe2 Ne4 20.Bc3 Nxc3 21.Qxc2 Nxa2 22.Qe2
Nb4 23.Ng4 Rc2 24.Qf3 Qe7 25.Nf6+ Bxf6 26.exf6 Qd6 27.Qg4 Re8 28.Qh4 Nd3 29.b3
Rc3 30.Rab1 Qf8 31.Bg4 h5 32.Bxh5 Qh6 33.Bf3 Qxe3+ 34.Kh1 Rc2 35.g4 Rec8
36.Bg2 Nf2+ 37.Kg1 Nxg4+ 38.Kh1 Qxd4 {#R} 0-1

[Event "It \"]
[Site "masterchessopen.com Bastia (France)"]
[Date "2011.10.28"]
[Round "9"]
[White "Sasikiran Krishnan (IND)"]
[Black "Melkumyan Hrant (ARM)"]
[Result "1-0"]
[WhiteElo "2689"]
[BlackElo "2619"]

1.d4 Nf6 2.c4 g6 3.g3 c6 4.Nf3 Bg7 5.Bg2 O-O 6.O-O d5 7.Nbd2 Be6 8.b3 Ne4
9.Bb2 Qa5 10.Qc1 Nxd2 11.Nxd2 Rd8 12.Rd1 Nd7 13.e3 Rac8 14.Bc3 Qa6 15.Bf1 dxc4
16.bxc4 b5 17.cxb5 cxb5 18.a4 Qb7 19.Qb2 a6 20.axb5 axb5 21.Ba5 Rf8 22.Qxb5
Qxb5 23.Bxb5 Nf6 24.Bd3 Bf5 25.e4 Bg4 26.Rdb1 Nd7 27.Nb3 Rb8 28.e5 Be6 29.Nd2
f6 30.exf6 Bxf6 31.Bc3 Rxb1+ 32.Rxb1 Rc8 33.Ne4 Bf5 34.Ba1 Kg7 35.Re1 Bxe4
36.Bxe4 Nf8 37.d5 Rd8 38.Bf3 e6 39.dxe6 Nxe6 40.Bg4 Bxa1 41.Rxa1 Nf8 42.Ra7+
Kf6 43.Kg2 Rd6 44.h4 h5 45.Be2 Nd7 46.f4 Re6 47.Kf3 Re7 48.Ra5 Nf8 49.Bc4 Rc7
50.Bd5 Rc3+ 51.Ke4 Ke7 52.Ra7+ Kd6 53.Ra8 Ke7 54.Ra7+ Kd6 55.Ra6+ Ke7 56.f5
gxf5+ 57.Kf4 Rd3 58.Ra7+ Kf6 59.Rf7+ Kg6 60.Rxf5 Kh6 61.Rxf8 Rxd5 62.Rf6+ Kg7
63.Rf5 Rd4+ 64.Ke3 Ra4 65.Rxh5 Kg6 66.Re5 Kh6 67.Re4 Ra8 68.Kf4 Rf8+ 69.Kg4
Rg8+ 70.Kh3 Ra8 71.Re6+ Kg7 72.h5 Ra5 73.Kh4 {#r} 1-0

[Event "Ch Germany (juniors) (team)"]
[Site "masterchessopen.com Xanten (Germany)"]
[Date "2011.11.02"]
[Round "5"]
[White "Buckels Valentin"]
[Black "Wanner Lukas"]
[Result "1-0"]
[WhiteElo "1699"]
[BlackElo "1667"]

1.d4 Nf6 2.c4 g6 3.Nf3 Bg7 4.g3 O-O 5.Bg2 c6 6.O-O d5 7.Nbd2 Ne4 8.e3 Nd7
9.Qb3 e6 10.h4 f5 11.c5 h6 12.Bh3 Qf6 13.Nh2 g5 14.Nxe4 dxe4 15.hxg5 hxg5
16.Bg2 g4 17.Rd1 Qh6 18.Nf1 Nf6 19.Nd2 Nh7 20.Nc4 Ng5 21.Nd6 Nf3+ 22.Kf1 Qh2
23.Nxc8 Raxc8 24.Qxe6+ Kh8 25.Bxf3 gxf3 26.Ke1 Qg1+ 27.Kd2 Qxf2+ 28.Kc3 Qg2
29.Bd2 Rf6 30.Rh1+ Rh6 31.Qxc8+ Kh7 32.Qxf5+ Kg8 33.Rxh6 Bxh6 34.Qe6+ Kg7
35.Qxe4 Qxg3 36.Qe5+ {#r} 1-0

[Event "It (open)"]
[Site "masterchessopen.com Bogota (Colombia)"]
[Date "2011.12.07"]
[Round "3"]
[White "Carrillo Jose Antonio (PAN)"]
[Black "Prieto Ernesto (COL)"]
[Result "0-1"]
[WhiteElo "1904"]
[BlackElo "2114"]

1.d4 Nf6 2.c4 g6 3.g3 Bg7 4.Bg2 d5 5.Nf3 O-O 6.O-O c6 7.Nbd2 Na6 8.Qc2 Bf5
9.Qb3 Rb8 10.Ne5 Nd7 11.Ndf3 dxc4 12.Qxc4 Nb6 13.Qb3 Be6 14.Qc2 f6 15.Nd3 Bf7
16.Bf4 Nc7 17.e4 g5 18.Bxc7 Qxc7 19.e5 Rbd8 20.Qe2 Bc4 21.Rfc1 g4 22.Nh4 Rxd4
23.Rxc4 Rxc4 24.Nf4 fxe5 25.Ne6 Qd6 26.Nxf8 Bxf8 27.Rd1 Qf6 28.Be4 Qg5 29.Kg2
e6 30.a3 Bc5 31.b4 Bd4 32.Bb1 Rc3 33.Ba2 Nd5 34.Rxd4 exd4 35.Qe1 {#R} 0-1

[Event "It (open) (under 2300)"]
[Site "masterchessopen.com Benidorm (Spain)"]
[Date "2011.12.08"]
[Round "8"]
[White "Sos Andreu Erik (ESP)"]
[Black "Gomez Jurado Luis Alberto (ESP)"]
[Result "0-1"]
[WhiteElo "2070"]
[BlackElo "2288"]

1.d4 d5 2.c4 c6 3.Nf3 Nf6 4.g3 g6 5.Bg2 Bg7 6.O-O O-O 7.Nbd2 e6 8.Qc2 b6 9.e4
Bb7 10.cxd5 exd5 11.e5 Nfd7 12.b4 a5 13.bxa5 c5 14.axb6 cxd4 15.Re1 Nc6 16.Rb1
Ndxe5 17.Nxe5 Nxe5 18.Qc7 Nd3 19.Re7 Nxc1 20.Rxc1 Rc8 21.Qxb7 Rxc1+ 22.Bf1 Rd1
23.Nf3 Rb1 24.Rc7 Qf6 25.Qxd5 Qxb6 26.Rd7 Qa6 27.Nd2 Ra1 28.Kg2 Qxa2 29.Bc4
Qa8 30.Rb7 Ra5 31.Qd7 Ra7 32.Bxf7+ Kh8 33.Bd5 Rxb7 34.Bxb7 Qa7 35.Ne4 h6 36.h4
Qb6 37.Qc6 Qxc6 38.Bxc6 d3 39.Ba4 Ra8 40.Bb5 Rd8 41.Nd2 Bc3 42.Nb1 Bb4 43.Ba4
d2 {#R} 0-1

[Event "It (open)"]
[Site "masterchessopen.com Santa Cruz de Tenerife (Spain)"]
[Date "2011.12.29"]
[Round "9"]
[White "Kurajica Bojan (CRO)"]
[Black "Pinto Henriquez Rodrigo (ESP)"]
[Result "1-0"]
[WhiteElo "2532"]
[BlackElo "2172"]

1.Nf3 d5 2.d4 Nf6 3.c4 c6 4.Nbd2 g6 5.g3 Bg7 6.Bg2 O-O 7.O-O Ne4 8.e3 Nxd2
9.Nxd2 Be6 10.Qe2 Nd7 11.b3 Qa5 12.Bb2 Nf6 13.Rfc1 Rac8 14.a4 Rfe8 15.Bc3 Qd8
16.a5 Qd7 17.Qf1 h5 18.h3 Bh6 19.Kh2 Bf5 20.Qe2 a6 21.b4 Qd6 22.f4 Qe6 23.Nb3
Nd7 24.Re1 Be4 25.Bxe4 Qxe4 26.Nd2 Qe6 27.e4 dxe4 28.Nxe4 Bg7 29.Qf1 Qf5
30.Qf3 Nf6 31.Nc5 Rc7 32.Ra2 Qc8 33.Rae2 e6 34.Kg2 Rd8 35.g4 hxg4 36.hxg4 Nd7
37.Ne4 Nf6 38.Nc5 Nd7 39.Nb3 Nf6 40.Rh1 Re8 41.Nc5 Rce7 42.Kf1 e5 43.dxe5 Qxg4
44.Qxg4 Nxg4 45.Ne4 Nh6 46.Nd6 Rd8 47.c5 Kf8 48.Be1 Nf5 49.Nxf5 gxf5 50.Rh5
Rd4 51.Rxf5 Bh6 52.Bh4 Re6 53.Bf6 Rxf4+ 54.Rxf4 Bxf4 55.Re4 Bh6 56.Rd4 Re8
57.Kg2 Rb8 58.Kf3 Ke8 59.Rh4 Bf8 60.e6 fxe6 61.Rh7 Bh6 62.Rxh6 Kf7 63.Be5 Rf8
64.Ke4 Ke8 65.Bd6 Rf1 66.Rh7 Re1+ 67.Kf4 Rf1+ 68.Ke5 Rf7 69.Rh8+ Kd7 70.Rb8
Rf5+ 71.Ke4 Rd5 72.Rxb7+ Kc8 73.Rc7+ {#r} 1-0

[Event "Ch England (team) 2011/12"]
[Site "masterchessopen.com England"]
[Date "2012.01.15"]
[Round "4"]
[White "Galego Luis (POR)"]
[Black "Pinter Gabor (HUN)"]
[Result "1-0"]
[WhiteElo "2481"]
[BlackElo "2360"]

1.d4 d5 2.Nf3 Nf6 3.c4 c6 4.Nbd2 g6 5.g3 Bg7 6.Bg2 O-O 7.O-O Na6 8.b3 c5 9.Bb2
dxc4 10.Nxc4 Be6 11.Rc1 Rc8 12.dxc5 Nxc5 13.Qe1 Ne8 14.Bxg7 Nxg7 15.Qb4 b6
16.Rfd1 Qc7 17.Nd4 Rfd8 18.Ne3 Qe5 19.Nc6 Rxd1+ 20.Rxd1 Qc7 21.Qf4 Ne8 22.Qd4
a5 23.Ng4 Bxg4 24.Qxg4 Ne6 25.Qh4 Nf6 26.Qc4 Kg7 27.b4 axb4 28.Qxb4 Nc5 29.a4
e6 30.Rb1 Nd5 31.Qd4+ f6 32.Bxd5 exd5 33.Nb4 Nxa4 34.Nxd5 Qd6 35.Qxa4 Qxd5
36.Rd1 Ra8 37.Rxd5 Rxa4 38.Rd7+ Kh6 39.Rd6 Kg7 40.Rxb6 Ra2 41.Rb7+ Kh6 42.Re7
g5 43.g4 Kg6 44.Re6 Kf7 45.Re4 Kg6 46.Kg2 h5 47.h3 Ra6 48.Rc4 Rb6 49.Kg3 Re6
50.e3 Ra6 51.gxh5+ Kxh5 52.h4 gxh4+ 53.Rxh4+ Kg5 54.Rg4+ Kf5 55.Rb4 Ra3
56.Rb5+ Kg6 57.Rd5 Rb3 58.Kg4 Ra3 59.e4 Ra4 60.f3 Rb4 61.Rd6 Ra4 62.Kg3 Kf7
63.Kf4 Kg6 64.Ke3 Ra3+ 65.Rd3 Ra4 66.f4 Ra6 67.Kf3 Ra4 68.Rd7 Ra6 69.f5+ Kh6
70.Rf7 Ra3+ 71.Kg4 Ra6 72.Kf4 Rb6 73.Ke3 Ra6 74.Re7 Ra3+ 75.Kf4 Ra1 76.Rf7 Ra6
77.Rf8 Kg7 78.Rd8 Ra3 79.Rd7+ Kh6 80.Rd2 Kg7 81.Rd7+ Kh6 82.Rf7 Ra6 83.Ke3
Ra3+ 84.Kd4 Kg5 85.Rg7+ Kf4 {#r} 1-0

[Event "Cup Giovanni Pico"]
[Site "masterchessopen.com Mirandola (Italy)"]
[Date "2012.01.15"]
[Round "5"]
[White "Mantovani Enrico"]
[Black "Pomante Sergio"]
[Result "1-0"]
[WhiteElo "1810"]
[BlackElo "1642"]

1.d4 Nf6 2.c4 g6 3.Nf3 d5 4.g3 Bg7 5.Bg2 c6 6.Nbd2 O-O 7.O-O Nbd7 8.e3 Re8
9.b3 e5 10.dxe5 Nxe5 11.Nxe5 Rxe5 12.Bb2 Re8 13.cxd5 Nxd5 14.Bxg7 Kxg7 15.Qc2
Be6 16.h3 Rc8 17.Kh2 Kg8 18.a3 h5 19.Nf3 Bf5 20.Qb2 Be4 21.Rfd1 Qc7 22.Rac1
Rcd8 23.b4 a6 24.Rd4 f6 25.Rcc4 f5 26.h4 Qg7 27.Qd2 Rd6 28.Ng5 Bxg2 29.Kxg2
Qf6 30.a4 Red8 31.Qc2 Nb6 32.Rxd6 Qxd6 33.Rd4 Nd5 34.Kh2 Re8 35.Qd2 Qe5 36.b5
Nf6 37.Qa2+ Nd5 38.bxc6 bxc6 39.Qc4 Rc8 40.Qxa6 Qc7 41.Qc4 Qd6 42.a5 Kg7 43.a6
Nb6 44.Qf7+ {#r} 1-0

[Event "It (open) \"]
[Site "masterchessopen.com Caleta (England)"]
[Date "2012.01.25"]
[Round "2"]
[White "Randlov Carsten (DEN)"]
[Black "Flynn David (ENG)"]
[Result "1-0"]
[WhiteElo "1831"]
[BlackElo "1973"]

1.d4 Nf6 2.c4 g6 3.Nf3 Bg7 4.g3 O-O 5.Bg2 c6 6.O-O d5 7.Nbd2 Bf5 8.Qb3 Qc8
9.Ne5 Nfd7 10.cxd5 Nxe5 11.dxe5 Bxe5 12.e4 Bd7 13.Nf3 Bg7 14.Bg5 e6 15.Be7 Re8
16.d6 c5 17.Rac1 b6 18.e5 Nc6 19.Bg5 h6 20.Bd2 Qa6 21.Qe3 Rad8 22.Qe4 Kh7
23.Rfe1 Nb8 24.Qh4 Rh8 25.Ng5+ Kg8 26.Nxf7 g5 27.Bxg5 hxg5 28.Qxg5 Rf8 29.Nxh8
Kxh8 30.Be4 Re8 31.Bg6 Qb7 32.Bf7 Qf3 33.Qh4+ {#r} 1-0

[Event "Ch Turkey"]
[Site "masterchessopen.com Kemer (Turkey)"]
[Date "2012.02.01"]
[Round "6"]
[White "Ozveren Ali Bulent (TUR)"]
[Black "Ulas S"]
[Result "1-0"]
[WhiteElo "1933"]
[BlackElo "1805"]

1.Nf3 Nf6 2.c4 c6 3.g3 d5 4.d4 g6 5.Bg2 Bg7 6.O-O O-O 7.Nbd2 Bf5 8.Qb3 Qb6
9.c5 Qc7 10.Ne5 Nbd7 11.f4 b6 12.cxb6 axb6 13.Ndf3 Be4 14.Bh3 c5 15.Be3 e6
16.Ng5 h6 17.Ngxf7 Rxf7 18.Bxe6 Rf8 19.Nxf7 Rxf7 20.Rac1 c4 21.Qa3 Nf8 22.Qa8
Qd6 23.Bxf7+ Kxf7 24.Qc8 Ne6 25.Rc3 Ng4 26.Ra3 Nxe3 27.Ra7+ Kf6 28.Qb7 Kf5
29.Qf7+ Kg4 30.f5 Nxf5 31.Qxg6+ Ng5 32.Rxf5 Bxd4+ 33.Kf1 Qxg6 34.Rf4+ Kh5
35.Rh4# 1-0

[Event "Cup RGSU (students) (cat.13)"]
[Site "masterchessopen.com Moscow (Russia)"]
[Date "2012.02.03"]
[Round "7"]
[White "Ipatov Alexander (ESP)"]
[Black "Reshetnikov Alexey (RUS)"]
[Result "1-0"]
[WhiteElo "2586"]
[BlackElo "2514"]

1.d4 d5 2.c4 c6 3.Nf3 Nf6 4.Nbd2 g6 5.g3 Bg7 6.Bg2 O-O 7.O-O Bf5 8.b3 a5 9.Bb2
Nbd7 10.Re1 Ne4 11.Nh4 Nxd2 12.Nxf5 gxf5 13.Qxd2 e6 14.Rec1 Nf6 15.e3 Qb6
16.Ba3 Rfd8 17.Rab1 Rd7 18.Qe2 Qd8 19.Rc2 Bh6 20.Bc1 Bf8 21.Bd2 Qb6 22.Be1
Rad8 23.c5 Qc7 24.b4 axb4 25.Rxb4 Ra8 26.a4 Be7 27.Rcb2 Bd8 28.a5 Qc8 29.Ra4
Ne8 30.Qd1 Ra7 31.Bf1 Bc7 32.Qb1 Re7 33.Bd3 Ng7 34.f4 Ne8 35.Ra3 Qa8 36.Rba2
Bd8 37.a6 Qc8 38.Rb3 Kg7 39.Qa1 bxa6 40.Rxa6 Qa8 41.Rba3 Rxa6 42.Rxa6 Qb7
43.Qa4 Qb2 44.Qc2 Qb7 45.Kg2 Nf6 46.Kf3 Rc7 47.Qa2 Ne4 48.Rb6 Qc8 49.Qa4 Qd7
50.h3 Nf6 51.Ra6 Rc8 52.Ra7 Rc7 53.Rxc7 Qxc7 54.Qa8 Ng8 55.g4 Ne7 56.Bh4 f6
57.Be1 Qc8 58.Qxc8 fxg4+ 59.hxg4 Nxc8 60.f5 exf5 61.Bxf5 Ne7 62.Bd7 Bc7 63.Kg2
Kg6 64.Kh3 Kg7 65.Kh4 Kg6 66.Be8+ Kg7 67.Kh5 Bh2 68.Bf2 h6 69.Bd7 Kh7 70.Be8
Kg7 71.Kh4 Kf8 72.Bd7 Kg7 73.Be1 Bc7 74.Bd2 Kg6 75.Be6 Bd8 76.Be1 Bc7 77.Bd7
Kg7 78.Kh5 Bh2 79.Bf2 Kh7 80.Kh4 Kg7 81.Kh3 Bc7 82.Kg2 Kg6 83.Bh4 Bb8 84.Kf3
Bc7 85.Be1 Kf7 86.Bd2 Kg6 87.e4 Kg7 88.Bf5 dxe4+ 89.Bxe4 Bb8 90.Kg2 Bc7 91.Be3
Bb8 92.Kf3 Bc7 93.Kf2 Bb8 94.Bc1 Bh2 95.Bd2 Bc7 96.Ke2 f5 97.gxf5 Kf6 98.Kd3
h5 99.Be1 Bf4 100.Bh4+ Bg5 101.Bg3 Nxf5 102.Be5+ Ke6 103.Bxc6 h4 104.Bg2 Ne3
105.Bh3+ Kd5 106.Bc8 Kc6 107.Bh3 Kd5 108.Bd7 Ng2 109.c6 Nf4+ 110.Kc2 Ne6
111.Bxe6+ Kxe6 112.Kd3 h3 113.Ke4 Bf6 114.d5+ Ke7 115.Bxf6+ Kxf6 116.Kf3 {#r}
1-0

[Event "Tournament (team) \"]
[Site "masterchessopen.com Las Palmas (Spain)"]
[Date "2012.02.11"]
[Round "9"]
[White "Trujillo Alvarado Ivan"]
[Black "Herrera Reyes Jose Antonio (ESP)"]
[Result "0-1"]
[WhiteElo "2176"]
[BlackElo "2216"]

1.d4 d5 2.Nf3 c6 3.g3 g6 4.Bg2 Bg7 5.O-O Nf6 6.Nbd2 O-O 7.c4 Ne4 8.e3 b6
9.Nxe4 dxe4 10.Nd2 f5 11.Qc2 Bb7 12.Rd1 Nd7 13.b4 e5 14.Nb3 Qe7 15.c5 exd4
16.exd4 Nf6 17.Bf4 Rfd8 18.Be5 Nd5 19.Bxg7 Kxg7 20.a3 Ba6 21.Re1 Bd3 22.Qb2
Qf6 23.Rad1 h5 24.f3 Re8 25.Nc1 bxc5 26.fxe4 Bxe4 27.Bxe4 fxe4 28.Rf1 Qg5
29.dxc5+ Kg8 30.Ne2 h4 31.Kh1 Rf8 32.gxh4 Qxh4 33.Qe5 Kh7 34.Nd4 Rae8 35.Ne6
Rxf1+ 36.Rxf1 Qe7 37.Ng5+ Kg8 38.Qxe7 Rxe7 39.Re1 e3 40.Kg2 Re5 41.h4 Rf5
42.Re2 Nf4+ 43.Kf3 Nxe2+ 44.Kxe2 Rf2+ 45.Kxe3 Ra2 46.Kd4 Rxa3 47.Kc4 Rg3
48.Kd4 Rg4+ 49.Ne4 Rxh4 50.b5 cxb5 51.c6 {#R} 0-1

[Event "Cup Winter"]
[Site "masterchessopen.com Saratov (Russia)"]
[Date "2012.02.12"]
[Round "3"]
[White "Efimov Ivan (RUS)"]
[Black "Petukhov Dmitry (RUS)"]
[Result "0-1"]
[WhiteElo "2142"]
[BlackElo "2332"]

1.d4 Nf6 2.Nf3 g6 3.g3 Bg7 4.Bg2 O-O 5.O-O d5 6.c4 c6 7.Nbd2 a6 8.b3 b5 9.Bb2
Nbd7 10.cxd5 cxd5 11.Rc1 Bb7 12.Qc2 Rc8 13.Qd3 Qb6 14.h3 Ne4 15.a3 a5 16.Ne5
Nxe5 17.dxe5 Rxc1 18.Bxc1 Nxd2 19.Bxd2 Bxe5 20.Be3 d4 21.Bxd4 Bxd4 22.Bxb7
Bxf2+ 23.Rxf2 Qxb7 24.Rf4 Rc8 25.Qd2 Qc7 26.Kh2 e6 27.Qd3 Qe5 28.Re4 Qf5
29.Qe3 Qc5 30.Qxc5 Rxc5 31.Re3 e5 32.Kg2 Kf8 33.Rd3 Ke7 34.Kf2 Ke6 35.Rd8 a4
36.bxa4 bxa4 37.Ra8 Rc4 38.Ra5 f6 39.Ra6+ Kf5 40.Kg2 h5 41.h4 g5 42.hxg5 fxg5
43.Ra8 Kg4 44.Kf2 Kh3 45.Rg8 Rg4 46.Rh8 h4 47.gxh4 gxh4 48.Rh5 e4 49.Ra5 Kh2
50.e3 Rg2+ 51.Kf1 h3 52.Rxa4 Kg3 53.Ra8 Rf2+ 54.Ke1 h2 {#R} 0-1

[Event "Ch Hessen (b)"]
[Site "masterchessopen.com Offenbach (Germany)"]
[Date "2012.04.05"]
[Round "3"]
[White "Weber Andreas"]
[Black "Wuestehube Axel"]
[Result "1-0"]
[WhiteElo "1917"]
[BlackElo "1920"]

1.d4 d5 2.Nf3 Nf6 3.g3 g6 4.Bg2 Bg7 5.O-O O-O 6.c4 c6 7.Nbd2 Re8 8.Ne5 Nfd7
9.f4 e6 10.b3 dxc4 11.Bb2 cxb3 12.Qxb3 Qb6 13.Qc2 Nxe5 14.fxe5 Bxe5 15.e3 Bg7
16.Ne4 f5 17.Nd6 Rd8 18.Nc4 Qc7 19.Rad1 Nd7 20.e4 c5 21.d5 exd5 22.exd5 Nb6
23.d6 Qb8 24.Bxg7 Kxg7 25.Qc3+ Kg8 26.Nxb6 Rxd6 27.Nxa8 {#r} 1-0

[Event "Ch Hungary (team) 2011/12"]
[Site "masterchessopen.com Hungary"]
[Date "2012.04.22"]
[Round "9"]
[White "Grunberg Mihai-Lucian (ROM)"]
[Black "Csiba Dominik (SVK)"]
[Result "1-0"]
[WhiteElo "2428"]
[BlackElo "2371"]

1.Nf3 Nf6 2.c4 g6 3.g3 c6 4.d4 d5 5.Bg2 Bg7 6.O-O O-O 7.Nbd2 Nbd7 8.b3 a5
9.Bb2 a4 10.Qc2 Nb6 11.Nh4 dxc4 12.Nxc4 Nfd5 13.Rfd1 Bg4 14.Nf3 Be6 15.Ng5 Nb4
16.Qc3 Bxc4 17.bxc4 a3 18.Bxa3 Rxa3 19.Qxb4 Ra4 20.Qb3 Rxc4 21.e3 e6 22.Ne4 f5
23.Nc5 Rxc5 24.Qxe6+ Kh8 25.dxc5 Nd5 26.Rac1 Rf6 27.Rxd5 cxd5 28.Qxd5 {#r} 1-0

[Event "It (open)"]
[Site "masterchessopen.com Ajaccio (France)"]
[Date "2012.04.27"]
[Round "7"]
[White "Battesti Leo (FRA)"]
[Black "Massoni Michael (FRA)"]
[Result "0-1"]
[WhiteElo "1706"]
[BlackElo "2341"]

1.Nf3 Nf6 2.g3 g6 3.Bg2 Bg7 4.d4 O-O 5.c4 d5 6.O-O c6 7.Nbd2 Ne4 8.cxd5 cxd5
9.Qb3 e6 10.Nxe4 dxe4 11.Ng5 Nc6 12.Nxe4 Nxd4 13.Qd3 e5 14.Bg5 Qb6 15.Be7 Re8
16.Ba3 Bg4 17.Nc3 Rad8 18.Qe4 Qe6 19.e3 Ne2+ 20.Nxe2 Bxe2 21.Rfe1 Ba6 22.Bb4
Bd3 23.Qf3 e4 24.Qf4 Bxb2 25.Rad1 Qxa2 26.Qc7 Qe6 27.Qa5 a6 28.Bf1 b6 29.Qg5
a5 30.Bd2 Rd5 {#R} 0-1

[Event "Ch India (challengers)"]
[Site "masterchessopen.com Tirupati (India)"]
[Date "2012.05.18"]
[Round "1"]
[White "Vijay Kumar_ (IND)"]
[Black "Rajesh V A V (IND)"]
[Result "0-1"]
[WhiteElo "1942"]
[BlackElo "2364"]

1.Nf3 Nf6 2.g3 g6 3.Bg2 Bg7 4.O-O O-O 5.d4 d5 6.c4 c6 7.Nbd2 Bf5 8.Qb3 Qc8
9.Re1 Rd8 10.cxd5 cxd5 11.Ne5 Nc6 12.Ndf3 Ne4 13.Be3 f6 14.Nxc6 bxc6 15.Nh4
Rb8 16.Nxf5 gxf5 17.Qc2 Qa6 18.Rac1 Rdc8 19.a3 e6 20.f3 Nd6 21.Bf4 e5 22.Bd2
Qb6 23.Bb4 Nc4 24.Bc5 Qxb2 25.Qxf5 Re8 26.Rb1 Qc3 27.Qd3 exd4 28.Bxd4 Qxd3
29.exd3 Rxb1 30.Rxb1 Nxa3 31.Rb7 Nb5 32.Bxa7 Re1+ 33.Bf1 f5 34.Bf2 Rc1 35.Kg2
Rc2 36.Re7 Nc3 37.Kg1 Bf6 38.Re1 Kf7 39.h4 f4 40.h5 h6 41.d4 fxg3 42.Be3 Nb5
43.Rc1 Rxc1 44.Bxc1 Nxd4 45.Kg2 Bg5 46.f4 Bh4 47.Kh3 Nb3 48.Be3 Bf6 49.Kxg3
Bd4 50.Kf3 Kf6 51.Bd3 Bxe3 52.Kxe3 c5 53.Bc2 Nd4 54.Bb1 Nf5+ 55.Kd2 Ng3 56.Bg6
c4 57.Ke3 Nf5+ 58.Kd2 d4 59.Bh7 Ne3 60.Bb1 Nd5 {#R} 0-1

[Event "Tournament (Elo)"]
[Site "masterchessopen.com Itu (Brazil)"]
[Date "2012.06.04"]
[Round "12"]
[White "Martinez Carlos Alejandro (BRA)"]
[Black "Goncalves Marcus Vinicius M (BRA)"]
[Result "1-0"]
[WhiteElo "2508"]
[BlackElo "1911"]

1.Nf3 Nf6 2.g3 g6 3.Bg2 Bg7 4.O-O d5 5.d4 O-O 6.c4 c6 7.Nbd2 Nbd7 8.Re1 Re8
9.b3 e5 10.dxe5 Nxe5 11.Nxe5 Rxe5 12.Bb2 Re8 13.cxd5 Nxd5 14.Bxg7 Kxg7 15.Nc4
Nc3 16.Qc2 Nb5 17.a4 Nc7 18.Rad1 Qe7 19.Nd6 Rf8 20.Qc5 Qf6 21.Ne4 Ne6 22.Qxf8+
Nxf8 23.Nxf6 Kxf6 24.Rd3 Bf5 25.e4 Be6 26.Red1 Ke7 27.b4 a6 28.f4 Nd7 29.a5 c5
30.Rxd7+ Bxd7 31.bxc5 Rc8 32.Rc1 Bc6 33.Kf2 f6 34.Ke3 h6 35.Bf3 g5 36.h4 Rd8
37.hxg5 hxg5 38.Rh1 gxf4+ 39.gxf4 Rg8 40.Rh7+ Kd8 41.Kf2 Re8 42.e5 Bxf3
43.Kxf3 fxe5 44.Rxb7 Kc8 45.Ra7 Kb8 46.Rxa6 exf4 47.Kxf4 Rc8 48.Rb6+ Ka7 49.c6
Rf8+ 50.Ke5 Rf1 51.c7 Rc1 52.Kd6 Rd1+ 53.Kc6 Rc1+ 54.Kd7 Rd1+ 55.Rd6 {#r} 1-0

[Event "Match \"]
[Site "masterchessopen.com Tbilisi (Georgia)"]
[Date "2012.06.10"]
[Round "4"]
[White "Jobava Baadur (GEO)"]
[Black "Mamedyarov Shakhriyar (AZE)"]
[Result "0-1"]
[WhiteElo "2706"]
[BlackElo "2752"]

1.d4 Nf6 2.c4 g6 3.g3 c6 4.Bg2 d5 5.Nd2 Bg7 6.Ngf3 O-O 7.O-O a5 8.Ne5 Ng4
9.Nxg4 Bxg4 10.cxd5 cxd5 11.h3 Bf5 12.g4 Bd7 13.Bxd5 Bc6 14.Bxc6 Nxc6 15.Nf3
Nxd4 16.Be3 Nxf3+ 17.exf3 b5 18.Qe2 Qd5 19.Rfd1 Qb7 20.Bd4 Rfd8 21.Bxg7 Kxg7
22.Rac1 Rxd1+ 23.Rxd1 Ra6 24.Qe5+ f6 25.Qe3 Rd6 26.Re1 e5 27.g5 b4 28.f4 e4
29.Rc1 f5 30.a3 Qb6 31.Qe2 Rd3 32.axb4 axb4 33.Qc2 Rg3+ 34.Kh2 Rf3 35.Kg2 b3
36.Qe2 Rd3 37.Qe1 e3 38.Rc3 Qa5 39.Rc1 Qd2 40.Rc7+ Kg8 41.Kf1 Qxb2 42.fxe3 Rd8
43.Rc3 Qa2 44.Rc1 b2 45.Rb1 Qc4+ 46.Kf2 Qc2+ 47.Kg3 Rd3 48.Kh4 Qg2 49.Qg3
Qxg3+ 50.Kxg3 Rxe3+ 51.Kh4 Rb3 52.Rd1 Rb4 {#R} 0-1

[Event "It (open)"]
[Site "masterchessopen.com Karvina (Czech Republic)"]
[Date "2012.07.05"]
[Round "6"]
[White "Straka Josef Jr (SVK)"]
[Black "Danin Alexandre (RUS)"]
[Result "0-1"]
[WhiteElo "2370"]
[BlackElo "2525"]

1.d4 Nf6 2.c4 g6 3.g3 c6 4.Nf3 Bg7 5.Bg2 O-O 6.O-O d5 7.Nbd2 a5 8.b3 Bf5 9.Bb2
b5 10.Ne5 Qb6 11.cxd5 cxd5 12.Rc1 Na6 13.e3 Rfc8 14.Qe2 Nb4 15.g4 Nxg4 16.Nxg4
Bd3 17.Qd1 Bxf1 18.Nxf1 Nxa2 19.Rxc8+ Rxc8 20.Bxd5 Qd6 21.Bf3 h5 22.Ne5 Bxe5
23.dxe5 Qxd1 24.Bxd1 Nc3 25.Bf3 a4 26.bxa4 bxa4 27.Ba3 e6 28.Bb4 Nb1 29.Be4
Rc4 30.Bxb1 Rxb4 31.Ba2 Rb2 32.Bc4 Rc2 33.Bd3 Rc1 {#R} 0-1

[Event "It \"]
[Site "masterchessopen.com Penarth (Wales)"]
[Date "2012.07.11"]
[Round "7"]
[White "Arkell Keith C (ENG)"]
[Black "Leconte Maria (FRA)"]
[Result "1-0"]
[WhiteElo "2441"]
[BlackElo "2224"]

1.d4 d5 2.c4 c6 3.Nf3 Nf6 4.Nbd2 g6 5.g3 Bg7 6.Bg2 O-O 7.O-O Bf5 8.b3 Ne4
9.Bb2 Nd7 10.Rc1 Qa5 11.a3 Qa6 12.Re1 b5 13.cxd5 cxd5 14.Nh4 Rac8 15.Nxf5 gxf5
16.Rc2 Rc6 17.f3 Rxc2 18.Qxc2 Rc8 19.Qd3 Nxd2 20.Qxd2 Qb6 21.e3 Rc6 22.Rc1 Qc7
23.Rxc6 Qxc6 24.Qc3 Qxc3 25.Bxc3 e5 26.dxe5 Nxe5 27.Kf1 Nd7 28.Bb4 Bf8 29.Bxf8
Kxf8 30.Bh3 Ne5 31.Ke2 a5 32.Bxf5 h6 33.f4 Nc6 34.Bd7 Na7 35.a4 bxa4 36.Bxa4
Ke7 37.Kd3 f5 38.Kd4 Kd6 39.Be8 Nc8 40.h3 Ne7 41.Bb5 Ng6 42.Ba6 Kc6 43.Bd3 Ne7
44.Ke5 Kc5 45.Kf6 Nc6 46.g4 fxg4 47.hxg4 d4 48.exd4+ Kxd4 49.Bb5 Nb4 50.f5
Nd5+ 51.Kg6 Kc3 52.f6 Nf4+ 53.Kf5 {#r} 1-0

[Event "Ch Great Britain"]
[Site "masterchessopen.com North Shields (England)"]
[Date "2012.07.27"]
[Round "5"]
[White "Arkell Keith C (ENG)"]
[Black "Foo William (ENG)"]
[Result "1-0"]
[WhiteElo "2441"]
[BlackElo "2009"]

1.d4 d5 2.c4 c6 3.Nf3 Nf6 4.Nbd2 g6 5.g3 Bg7 6.Bg2 O-O 7.O-O Bf5 8.b3 Ne4
9.Bb2 dxc4 10.Nxc4 Nd6 11.Nfe5 Qc8 12.Nxd6 exd6 13.Nc4 d5 14.Nd6 Qd7 15.Nxf5
Qxf5 16.Rc1 Re8 17.Qc2 Qe6 18.Rfe1 f5 19.b4 a6 20.a4 b5 21.Qb3 Kh8 22.Rc2 Qe7
23.Rec1 Bf8 24.Bc3 Qb7 25.Be1 bxa4 26.Qxa4 Qb5 27.Qa2 Ra7 28.Bf1 Qb6 29.Qa4
Rb7 30.e3 Rc8 31.Bg2 Rd8 32.h4 Qb5 33.Qa1 Rdd7 34.Rc5 Qb6 35.Bf1 Qd8 36.Ra5
Bxb4 37.Bxb4 Rxb4 38.Bxa6 Ra7 39.Ra2 Qb6 40.Bf1 Rb7 41.Qc3 Kg7 42.Rca1 Rb3
43.Qc2 Qc7 44.Ba6 R7b6 45.Bd3 Rb7 46.Rc1 Qe7 47.Qe2 Qb4 48.Kg2 Qb6 49.h5 Re7
50.Rac2 Ra7 51.Rh1 Nd7 52.hxg6 hxg6 53.Bxf5 Nf6 54.Bg4 Rf7 55.Bf3 Nh7 56.Rhc1
Rf6 57.Kg1 Ng5 58.Bg2 Rb1 59.Qd1 Rb3 60.Rxc6 Rxc6 61.Rxc6 Qxc6 62.Qxb3 Ne4
63.Bxe4 dxe4 64.Kg2 Kh6 65.Qf7 {#r} 1-0